000
00324nam a22001097a 4500
082
_a
355.00954915
_b
BAL
_c
L-3,II,P-128
245
_a
سرفروشی ہے ایمان میرا ۲۷ بلوچ تاریخ کے آینے میں
260
_c
1987
300
_a
225 p.
526
_a
0
_b
0
_c
0
_d
355_009549150000000_BAL
942
_2
ddc
_c
BK
999
_c
551614
_d
551614